Duckweed aquaculture: A new aquatic farming system for Developing Countries (Record no. 40524)

MARC details
000 -LEADER
fixed length control field 00673nam a2200181 a 4500
008 - FIXED-LENGTH DATA ELEMENTS--GENERAL INFORMATION
fixed length control field 160322s1993 ||||||||||||||||| || u
050 ## - LIBRARY OF CONGRESS CALL NUMBER
Classification number IBRD(021993/16
100 ## - MAIN ENTRY--PERSONAL NAME
Personal name Skillicorn, Paul
245 10 - TITLE STATEMENT
Title Duckweed aquaculture: A new aquatic farming system for Developing Countries
260 ## - PUBLICATION, DISTRIBUTION, ETC.
Place of publication, distribution, etc. Washington, D.C.
Name of publisher, distributor, etc. World Bank
Date of publication, distribution, etc. 1993
300 ## - PHYSICAL DESCRIPTION
Extent x, 76p.: ill.
650 ## - SUBJECT ADDED ENTRY--TOPICAL TERM
Topical term or geographic name entry element DUCKWEEDS
650 ## - SUBJECT ADDED ENTRY--TOPICAL TERM
Topical term or geographic name entry element DUCKWEEDS--DEVELOPING COUNTRIES
650 ## - SUBJECT ADDED ENTRY--TOPICAL TERM
Topical term or geographic name entry element DUCKWEEDS--UTILIZATION
700 ## - ADDED ENTRY--PERSONAL NAME
Personal name Spiral, William
700 ## - ADDED ENTRY--PERSONAL NAME
Personal name Journey, William
995 ## - RECOMMENDATION 995 [LOCAL, UNIMARC FRANCE]
-- CBU-MAIN LIBRARY (Kitwe)
-- 1
-- AVAILABLE
-- Mar 22, 2016
-- International Publications
Holdings
Withdrawn status Lost status Source of classification or shelving scheme Damaged status Not for loan Home library Current library Shelving location Date acquired Total Checkouts Full call number Barcode Date last seen Price effective from Koha item type
          CBU-MAIN LIBRARY, KITWE. CBU-MAIN LIBRARY, KITWE.   11/30/2022   IBRD(021993/16 025287 11/30/2022 11/30/2022 MONOGRAPH